Miedo en el sur : el tigre gente y otros cuentos /
Guardado en:
| Autor Principal: | |
|---|---|
| Otros Autores: | |
| Formato: | Libro |
| Publicado: |
Buenos Aires :
Sudamericana,
1995
|
| Edición: | 2a. ed. |
| Materias: | |
| Etiquetas: |
Agregar Etiqueta
Sin Etiquetas, Sea el primero en etiquetar este registro!
|
| LEADER | 01148nam a22002655a 4500 | ||
|---|---|---|---|
| 001 | CEM.cems011271 | ||
| 005 | 20100915114807.0 | ||
| 008 | 130507s1995##################000#0#####d | ||
| 003 | CEMS | ||
| 020 | |a 9500714957 | ||
| 082 | 0 | 4 | |a A868.4 |
| 100 | 1 | |a Shua, Ana María | |
| 245 | 1 | 0 | |a Miedo en el sur : |b el tigre gente y otros cuentos / |c Ana María Shua ; ilustraciones de Diego Fernetti |
| 250 | |a 2a. ed. | ||
| 260 | |a Buenos Aires : |b Sudamericana, |c 1995 | ||
| 300 | |a 109 p. | ||
| 500 | |a A partir de 11 años | ||
| 505 | 0 | |a Contando cuentos en la país de los yacarés -- Las discotecas no existen de día -- Sobre la Salamanca -- Vida de perros -- Sobre el lobisón -- El tigre gente -- Sobre el tigre gente -- Ayelén con el pelo enredado -- Sobre el duende -- Una familia como la de antes -- Sobre los Antigales -- Guanaco blanco en la mitad de Francia -- Sobre Coquena y el Yastay | |
| 653 | |a Literatura | ||
| 653 | |a Literatura argentina-siglo 20 | ||
| 653 | |a Cuentos juveniles | ||
| 653 | |a Cuentos | ||
| 653 | |a Cuentos argentinos | ||
| 700 | 1 | |a Fernetti, Diego, il. | |
| 859 | |a CEMS |b BIB. CEMS - 11 de abril |h A868.4 |i Sh91-2 |p 22196.03 |t Ej.1 | ||
